China PCB management and disposal demonstration project : Project document november 2005
Đã lưu trong:
| Institution som forfatter: | |
|---|---|
| Format: | Bog |
| Sprog: | Undetermined |
| Udgivet: |
Washington, DC.
The World Bank
2005
|
| Fag: | |
| Tags: |
Tilføj Tag
Ingen Tags, Vær først til at tagge denne postø!
|
| Thư viện lưu trữ: | Trung tâm Học liệu Trường Đại học Cần Thơ |
|---|
| LEADER | 00565nam a2200193Ia 4500 | ||
|---|---|---|---|
| 001 | CTU_117345 | ||
| 008 | 210402s9999 xx 000 0 und d | ||
| 082 | |a 363.7 | ||
| 082 | |b W927b | ||
| 110 | |a The World Bank | ||
| 245 | 0 | |a China PCB management and disposal demonstration project : | |
| 245 | 0 | |b Project document november 2005 | |
| 245 | 4 | |c The World Bank | |
| 260 | |a Washington, DC. | ||
| 260 | |b The World Bank | ||
| 260 | |c 2005 | ||
| 650 | |a Social security,Social welfare | ||
| 904 | |i Vuong | ||
| 980 | |a Trung tâm Học liệu Trường Đại học Cần Thơ | ||